000 01205cam a2200301 i 4500
001 17237939
005 20170105102935.0
008 120402s2012 pk abf b 001 0 eng
010 _a 2011313447
020 _a9780199064700
025 _aP-E-2011313447; 31
037 _bLibrary of Congress -- Islamabad Overseas Office
040 _aDLC
_beng
_cDLC
_erda
042 _alcode
_apcc
043 _aa-ii---
050 0 0 _aDS485.P87
_bA37 2012
082 _a954.504
_bAHM 2012
100 1 _aAhmed, Ishtiaq,
_d1947-
245 1 4 _aThe Punjab bloodied, partitioned and cleansed :
_bunravelling the 1947 tragedy through secret British reports and first-person accounts /
_cIshtiaq Ahmed.
300 _axlviii, 592 pages, 20 pages of plates :
_billustrations, maps ;
_c25 cm
504 _aIncludes bibliographical references (pages 567-577) and index.
651 0 _aPunjab (India)
_xHistory
_yPartition, 1947
_vSources.
651 0 _aIndia
_xHistory
_yPartition, 1947
_vSources.
651 0 _aIndia
_xPolitics and government
_y1919-1947
_vSources.
906 _a7
_bcbc
_corigode
_d3
_encip
_f20
_gy-gencatlg
942 _2ddc
_cBK
999 _c16224
_d16224